00772 2200277 4500001002100000005001500021035002000036007000300056008004100059100001600100245008400116250001000200300003100210020002200241082001000263084001600273090002100289260003100310650001600341700003100357850001000388990002400398990002400422990002400446990002400470INLIS00000000000197820260603124124 a0010-0120000421ta260603 1 0 aTaha Kilinc1 aTiga Ratus Enam Lima Hari Bersama Para Sahabat Nabi Muhammad saw /cTaha Kilinc aCet.1 a430 hlm. :bilus. ;c29 cm a978-602-03-8603-4 a297.9 a297.9 TAH m a297.9 TAH m 26-1 aJakarta :bGramedia,c2007 4aCerita Nabi0 aPenerjemah: Farida Inayati aPUPAD a33.399/DAK/DPK/2019 a33.400/DAK/DPK/2019 a33.401/DAK/DPK/2019 a33.402/DAK/DPK/2019